000 00439nam a22001817a 4500
003 MPLRDC
005 20220104124159.0
008 210129b ||||| |||| 00| 0 eng d
020 _a7-02-001154-3
082 _a880 TGNF-7
100 _a屠格涅夫
245 _a贵族之家
_c磊然译
250 _a一版一刷
260 _a
_b人民文学出版社
_c1991
300 _b
650 _a俄国文学
942 _cBK
_o880 TGNF-7
999 _c17272
_d17262